The province and port of Limón : metaphors for afro-costa rica black identity (Registro nro. 7922)

Detalles MARC
000 -CABECERA
campo de control de longitud fija 00588nam a22002057a 4500
005 - FECHA Y HORA DE ACTUALIZACIÓN
campo de control 20160408155930.0
008 - LONGITUD FIJA
campo de control de longitud fija 160408b xxu||||| |||| 00| 0 spa d
041 ## - IDIOMA
Código de idioma del texto/pista de sonido o título separado
082 ## - CLASIFICACIÓN DECIMAL DEWEY
Número de clasificación 972.861
Número de documento/Ítem H975p
100 ## - AUTOR PERSONAL
Nombre de persona Hutchison Miller, Carmen
245 ## - TÍTULO PROPIAMENTE DICHO
Título The province and port of Limón : metaphors for afro-costa rica black identity
260 ## - PIE DE IMPRENTA
Lugar de publicación, distribución, etc. Costa Rica
Nombre del editor, distribuidor, etc. EUNA
Fecha de publicación, distribución, etc. 2015
300 ## - DESCRIPCIÓN FÍSICA
Extensión 228 páginas
650 ## - Materia General
Materia general COSTA RICA
650 ## - Materia General
Materia general LIMÓN
650 ## - Materia General
Materia general PUERTOS
650 ## - Materia General
Materia general DISCRIMINACIÓN RACIAL
650 ## - Materia General
Materia general NEGROS
942 ## - Punto de Acceso Adicional Koha
Tipo de ítem Koha Libro
Existencias
Estado perdido Estado dañado No para préstamo Biblioteca permanente Biblioteca actual Signatura completa Código de barras Precio efectivo a partir del Tipo de ítem
      Departamento de Biblioteca y Documentación Alfonso Chase Brenes Departamento de Biblioteca y Documentación Alfonso Chase Brenes 972.861 H975p 20937 08/04/2016 Libro